| 000 | 00714nam a2200253Ia 4500 | ||
|---|---|---|---|
| 003 | OSt | ||
| 005 | 20260219141442.0 | ||
| 008 | 210210b1952 xxu||||| |||| 00| 0 eng d | ||
| 040 | _cAL | ||
| 041 | _aHindi | ||
| 082 | _a465/66 | ||
| 100 |
_aSHASTRI (S R) _dशास्त्री (एस अर) _9255947 |
||
| 245 |
_aSaral Hindi vyakaran 3 _bसरल हिंदी व्याकरण ३ |
||
| 260 |
_aMadras _bDakshin Bharat Hindi Pracha Sabha _c1952 |
||
| 440 |
_a3 _9255948 |
||
| 650 |
_avyakaran _9255949 |
||
| 650 |
_aSaral _9255950 |
||
| 650 |
_aHindi _9255951 |
||
| 650 |
_a3 _9255952 |
||
| 650 |
_a2 _9255953 |
||
| 690 |
_aHindi Grammar _9255954 |
||
| 906 | _a006900 | ||
| 942 |
_2ddc _cBK |
||
| 999 |
_c140981 _d140981 |
||